000 00823nam a2200169Ia 4500
008 090711s9999 xx 000 0 und d
082 _b55026
100 _aजोशी य. दि. (प्रका.)
245 _aश्रीउाgऎष्णामाईSो नाभिस्थान श्री क्षेत्र कुरवपुर
260 _c1982
300 _a96
600 _aजोशी य. दि. (प्रका.)
630 _aश्रीउाgऎष्णामाईSो नाभिस्थान श्री क्षेत्र कुरवपुर
700 _aजोशी य. दि. (प्रका.)
730 _aश्रीउाgऎष्णामाईSो नाभिस्थान श्री क्षेत्र कुरवपुर
942 _cBOOK
999 _c283636
_d283636